000 00461 a2200157 4500
005 20250610140211.0
020 _a0-07-246994-3
082 _a658.3 NOE
100 _aNOE, R. A.
245 _aHuman Resource Management : Gaining A Competitive Advantage.
250 _a4th Ed.
260 _aNew York,
_bMcGraw-Hill,
_c2003.
300 _axiii, 740p.: Ill.; figures, picture & table
_bIndex,
_c25cm.
700 _aHOLLENBECK, J.R. & GERHART, B.
942 _2ddc
_cBKS
999 _c2096
_d2096